00585nam a2200205Ia 4500008004100000020001800041050001400059100001900073245001800092245004100110260001500151260001600166260000900182300001400191300002500205300001000230440001700240999001900257952010300276180207s9999 xx 000 0 und d a9781586682393 bL334 1996 aLarsen, Margie aPlay safely / cby Margie Larsen and Mary Ann Dudko. aNew York : bScholastic, c1996 aunpaged : bcolor illustration ; c18cm. aBarney says. c355692d355692 001040aSSISMbSSISMd2018-02-07l0oER L334 1996pSSISM5237r2018-02-07 00:00:00w2018-02-07yBK